Biggest Cities By Country - Statistics

General Stats
  • This quiz has been taken 33 times
  • The average score is 38 of 60
Answer Stats
Pop. (Mil.) Answer % Correct
31.2 Delhi
97%
25.2 Mumbai
97%
19.2 Beijing
93%
1438 India
93%
279.1 Indonesia
93%
1425 Peoples Republic Of China
93%
28.2 Shanghai
93%
341 United States Of America
93%
34.5 Jakarta
90%
12.2 Los Angeles
90%
19.4 New York City
90%
8.7 Chicago
86%
13 Moscow
86%
144.1 Russia
86%
217.3 Brazil
83%
12.8 Rio De Janeiro
83%
5.6 Saint Petersburg
83%
21 Guangzhou
79%
21.7 Kolkata
79%
129.1 Mexico
79%
21.8 Mexico City
79%
227.4 Nigeria
79%
243.7 Pakistan
79%
21.7 Sao Paulo
79%
174.1 Bangladesh
76%
12.8 Lagos
76%
3.1 Islamabad
72%
5.9 Houston
69%
4.6 Brasilia
66%
11.1 Lahore
66%
10.3 Dhaka
62%
16.1 Karachi
62%
12.6 Wuhan
62%
15.3 Bengaluru
59%
11.6 Chennai
59%
5.3 Guadalajara
59%
6.1 Miami
59%
21.7 Shenzhen
59%
6 Belo Horizonte
55%
5.3 Monterrey
55%
1.6 Abuja
52%
4.3 Porto Alegre
52%
6.5 Surabaya
52%
1.5 Yekaterinburg
52%
3.7 Kano
48%
7.1 Bandung
45%
3.2 Chattogram
45%
1.6 Novosibirsk
45%
2.9 Ibadan
38%
3.6 Medan
38%
1.9 Port Harcourt
38%
3.2 Faisalabad
34%
3.2 Puebla
34%
1.3 Kazan
31%
2.4 Toluca
24%
2 Semarang
17%
0.7 Khulna
14%
2 Gujranwala
10%
1 Narayanganj
7%
2.7 Gazipur
3%
No matching quizzes found
Score Distribution
Percent of People with Each Score
Percentile by Number Answered
Your Score History
You have not taken this quiz